[Event "Chigorin Mem Open"]
[Site "St Petersburg RUS"]
[Date "2001.10.31"]
[Round "6"]
[White "Zakharevich,I"]
[Black "Ionov,S"]
[Result "1/2-1/2"]
[WhiteElo "2456"]
[BlackElo "2544"]

1.d4 Nf6 2.c4 e6 3.Nf3 b6 4.Nc3 Bb7 5.a3 d5 6.Qc2 dxc4 7.Bg5 a6 8.e4 b5 9.d5 Be7
10.dxe6 fxe6 11.Rd1 Nfd7 12.Bf4 O-O 13.Nd4 Rf6 14.Bg3 c5 15.Nf3 Nc6 16.Be2 Qe8
17.Qd2 Nf8 18.O-O Na5 19.Qe3 Nb3 20.Be5 Rf7 21.Ng5 Bxg5 22.Qxg5 Qe7 23.Qe3 Nd7
24.Bd6 Qh4 25.Bg3 Qf6 26.Rd6 Nd4 27.Bg4 Qe7 28.Rd1 Nf6 29.Bh3 e5 30.Rb6 Qc7
31.Rxb7 Qxb7 32.Bxe5 Re8 33.Bxd4 cxd4 34.Rxd4 Rfe7 35.f3 Qb6 36.Kf2 Rd8 37.Rxd8+ Qxd8
38.e5 Nd5 39.Qd4  1/2-1/2

[Event "VI IM"]
[Site "Rijeka CRO"]
[Date "2001.11.06"]
[Round "3"]
[White "Rezan,S"]
[Black "Bistric,F"]
[Result "0-1"]
[WhiteElo "2337"]
[BlackElo "2446"]

1.d4 Nf6 2.c4 e6 3.Nf3 b6 4.Nc3 Bb7 5.a3 d5 6.Bg5 Be7 7.cxd5 Nxd5 8.Bxe7 Qxe7
9.Nxd5 Bxd5 10.e3 Nd7 11.Rc1 c5 12.dxc5 Nxc5 13.Bb5+ Kf8 14.b4 Ne4 15.O-O Rd8
16.Qe2 Qf6 17.Nd4 g6 18.Bc6 Kg7 19.Bxd5 Rxd5 20.Rc7 a5 21.Qg4 Rxd4 22.exd4 Nd6
23.Rc6 Rd8 24.Qg3 Qxd4 25.Qc3 Qxc3 26.Rxc3 Nb5 27.Re3 a4 28.Rc1 Rd2 29.Ra1 Nd6
30.Rc3 b5 31.Rc5 Kf6 32.h3 e5 33.f3 Ke6 34.Rac1 f5 35.R5c2 Rxc2 36.Rxc2 Nc4
37.Rc3 e4 38.Kf2 Kd5 39.fxe4+ fxe4 40.Rg3 Kd4 41.Ke2 e3 42.Rg5 Nxa3 43.Rg4+ Kc3
44.Kxe3 Nc2+ 45.Ke2 a3  0-1

[Event "2nd It"]
[Site "Odivelas POR"]
[Date "2001.11.15"]
[Round "10"]
[White "Roeder,M"]
[Black "Fernando,D"]
[Result "1-0"]
[WhiteElo "2469"]
[BlackElo "2367"]

1.Nf3 Nf6 2.c4 e6 3.d4 b6 4.Nc3 Bb4 5.Bg5 h6 6.Bh4 g5 7.Bg3 Ne4 8.Qc2 Bb7
9.e3 Bxc3+ 10.bxc3 d6 11.Bd3 f5 12.d5 Nd7 13.Bxe4 fxe4 14.Qxe4 Qf6 15.Qxe6+ Qxe6
16.dxe6 Nc5 17.h4 g4 18.Nd4 O-O-O 19.h5 Rde8 20.Rh4 Rhg8 21.Bf4 Nd3+ 22.Kf1 Nxf4
23.exf4 c5 24.Nf5 Rxe6 25.Rd1 Kd7 26.Ne3 g3 27.f5 Rf6 28.Rf4 Rg5 29.fxg3 Rxh5
30.Kf2 Rg5 31.Rh1 a6 32.Rfh4 Rgg6 33.g4 b5 34.Kg3 Rg8 35.Rxh6 Rxh6 36.Rxh6 b4
37.Rh7+ Kc8 38.cxb4 cxb4 39.Kf4 a5 40.f6 a4 41.g5 b3 42.axb3 axb3 43.Rh1 Re8
44.f7  1-0

[Event "FSGMA December"]
[Site "Budapest HUN"]
[Date "2001.12.08"]
[Round "8"]
[White "Czebe,A"]
[Black "Paschall,W"]
[Result "1/2-1/2"]
[WhiteElo "2491"]
[BlackElo "2393"]

1.Nf3 Nf6 2.c4 b6 3.d4 e6 4.Nc3 Bb7 5.Bg5 h6 6.Bh4 Bb4 7.Nd2 Bxc3 8.bxc3 d6
9.f3 Nbd7 10.e4 e5 11.Bd3 Nf8 12.Bf2 Ne6 13.g3 Nd7 14.Be3 Qf6 15.Nb3 g5 16.Qe2 a5
17.a4 c5 18.Qf2 Ba6 19.Rb1 Rc8 20.d5 Nef8 21.Nd2 Kd8 22.Bf1 Kc7 23.Bh3 h5
24.Ke2 Rb8 25.Bf5 Ng6 26.Qg2 Ndf8 27.Kd3 Ne7 28.g4 h4 29.Nb3 Nfg6 30.Bxg6 Qxg6
31.Kd2 Bxc4 32.Kc1 Rhc8 33.Qd2 f6 34.Qc2 Qe8 35.Nd2 Ba6 36.c4 Ra8 37.Kb2 Rcb8
38.Ra1 Ng6 39.Kc3 Nf8 40.Nb3 Nd7 41.Nc1 Bc8 42.Nd3 Rb7 43.h3 Nb8 44.Kd2 Na6
45.Qb3 Bd7 46.Ke2 Nb4 47.Nb2 Qg6 48.Bd2 Rbb8 49.Nd1 Rf8  1/2-1/2

[Event "Friendship GM"]
[Site "Prerove CZE"]
[Date "2001.12.14"]
[Round "11"]
[White "Neverov,V"]
[Black "Cvek,R"]
[Result "1/2-1/2"]
[WhiteElo "2569"]
[BlackElo "2418"]

1.d4 Nf6 2.c4 e6 3.Nf3 b6 4.Nc3 Bb4 5.e3 Bb7 6.Bd3 O-O 7.O-O Bxc3 8.bxc3 Be4
9.Be2 c5 10.Nd2 Bg6 11.Bf3 Nc6 12.Ba3 Rc8 13.dxc5 Qe7 14.Nb3 Ne5 15.Bb7 Rb8
16.Qd4 Nd3 17.Bf3 e5 18.Qd6 Qxd6 19.cxd6 Rfc8 20.Nd2 Nc5 21.Be2 Ne8 22.Nb3 Ne4  1/2-1/2

[Event "ch-BRA"]
[Site "Sao Paolo BRA"]
[Date "2001.12.19"]
[Round "4"]
[White "Disconzi da Silva,R"]
[Black "Leitao,R"]
[Result "0-1"]
[WhiteElo "2410"]
[BlackElo "2581"]

1.d4 Nf6 2.c4 e6 3.Nf3 b6 4.Nc3 Bb4 5.Qb3 c5 6.a3 Ba5 7.Bg5 h6 8.Bh4 g5 9.Bg3 g4
10.Nd2 cxd4 11.Nb5 Ne4 12.O-O-O Bxd2+ 13.Rxd2 Nxd2 14.Kxd2 O-O 15.Nc7 Na6
16.Nxa8 Bb7 17.Nc7 Nxc7 18.Bf4 e5 19.Bxh6 Re8 20.Qg3 Re6 21.Qxg4+ Rg6 22.Qh3 Ne6
23.Ke1 d5 24.Bd2 dxc4 25.Qf5 Qc7 26.h4 c3 27.Bc1 cxb2 28.Bxb2 e4 29.Kd2 Nc5
30.h5 e3+ 31.fxe3 Ne4+ 32.Kd1 Rf6 33.Qg4+ Kh7 34.Qh4 Bd5 35.g3 Bb3+ 36.Ke1 Qc2  0-1

[Event "Winter Cup"]
[Site "Bucharest ROM"]
[Date "2001.12.21"]
[Round "11"]
[White "Tikhomirov,S"]
[Black "Sebe,F"]
[Result "1/2-1/2"]
[WhiteElo "2357"]
[BlackElo "2278"]

1.d4 Nf6 2.c4 e6 3.Nf3 b6 4.Nc3 Bb4 5.Qb3 c5 6.Bg5 Bb7 7.a3 Bxc3+ 8.Qxc3 h6
9.Bh4 g5 10.Bg3 Ne4 11.Qd3 Nxg3 12.hxg3 Qf6 13.e4 Nc6  1/2-1/2

[Event "Christmas Open"]
[Site "Zadar CRO"]
[Date "2001.12.22"]
[Round "8"]
[White "Feletar,D"]
[Black "Saric,A"]
[Result "1-0"]
[WhiteElo "2472"]
[BlackElo "2284"]

1.c4 Nf6 2.Nf3 e6 3.d4 b6 4.Nc3 Bb7 5.a3 d5 6.cxd5 Nxd5 7.e3 Be7 8.Bb5+ c6
9.Bd3 O-O 10.O-O c5 11.Nxd5 Qxd5 12.e4 Qd8 13.dxc5 bxc5 14.Qe2 Nc6 15.Rd1 e5
16.Be3 Nd4 17.Bxd4 exd4 18.Rac1 Rb8 19.Bc4 Bg5 20.Nxg5 Qxg5 21.f3 Bc6 22.Qd2 Qe5
23.Bd5 Ba4 24.Rxc5 Qe7 25.Rdc1 d3 26.Qxd3  1-0

[Event "ch-AUS"]
[Site "Melbourne AUS"]
[Date "2001.12.28"]
[Round "1"]
[White "Hacche,D"]
[Black "Rujevic,M"]
[Result "1-0"]
[WhiteElo "2218"]
[BlackElo "2355"]

1.d4 Nf6 2.Nf3 e6 3.c4 b6 4.Nc3 Bb7 5.Qc2 d5 6.cxd5 exd5 7.Bg5 Be7 8.e3 O-O
9.Bd3 Nbd7 10.O-O c5 11.Rac1 h6 12.Bf4 Nh5 13.Be5 Nxe5 14.Nxe5 Nf6 15.Qe2 Bd6
16.f4 Qe7 17.Qf3 Rad8 18.Rcd1 cxd4 19.exd4 Bb4 20.Ne2 Ne4 21.Ng3 Nxg3 22.Qxg3 Bd6
23.a3 Qf6 24.Kh1 Bc8 25.h3 Bf5 26.Rc1 Rc8 27.Ba6 Rxc1 28.Rxc1 Rd8 29.Be2 Qe6
30.Bh5 g6 31.Bf3 Kg7 32.Re1 Bxe5 33.Rxe5 Qf6 34.Bxd5 Rd7 35.Qe3 Qd8 36.Re8 Qf6
37.Re5 Qd8 38.Bb3 Rxd4 39.Re7 Rd7 40.Qe5+ Kf8 41.Qf6 Rd1+ 42.Kh2  1-0

[Event "22nd Open"]
[Site "Bethune FRA"]
[Date "2001.12.30"]
[Round "7"]
[White "Bunzmann,D"]
[Black "Bouhallel,R"]
[Result "1-0"]
[WhiteElo "2469"]
[BlackElo "2363"]

1.d4 e6 2.c4 Nf6 3.Nf3 b6 4.Nc3 Bb4 5.Qb3 c5 6.Bg5 h6 7.Bh4 Nc6 8.e3 g5 9.Bg3 Ne4
10.Bd3 Nxg3 11.hxg3 Qe7 12.g4 Ba6 13.a3 Bxc3+ 14.Qxc3 Qf6 15.Rc1 Ke7 16.b4 cxd4
17.exd4 Bb7 18.d5 Qxc3+ 19.Rxc3 Nd8 20.Be4 Rc8 21.Kd2 Kf6 22.Rh5 Kg7 23.Nd4 a6
24.Rhh3 Ba8 25.Rhd3 Nb7 26.dxe6 dxe6 27.Nxe6+ Kf6 28.Nd4 Nd6 29.Bxa8 Rxa8
30.c5  1-0

[Event "18th Open"]
[Site "Skopje MKD"]
[Date "2002.01.17"]
[Round "3"]
[White "Mitkov,M"]
[Black "Petkovski,V"]
[Result "1-0"]
[WhiteElo "2401"]
[BlackElo "2227"]

1.d4 Nf6 2.c4 e6 3.Nf3 b6 4.Nc3 Bb7 5.a3 c5 6.d5 exd5 7.cxd5 a6 8.e4 d6 9.Bd3 Nbd7
10.O-O Be7 11.Re1 Ng4 12.h3 Nge5 13.Nxe5 dxe5 14.Qg4 Bf6 15.Ne2 h5 16.Qf3 g6
17.a4 Bg5 18.Bc4 O-O 19.Ra3 Kg7 20.Ng3 h4 21.Nf1 f5 22.Ne3 Qf6 23.exf5 gxf5
24.Qh5 Bf4 25.d6 Be4 26.Nd5 Bxd5 27.Bxd5 Bxc1 28.Bxa8 Bd2 29.Rd1 Bb4 30.Rf3 Rh8
31.Qxf5 Qxf5 32.Rxf5 Rxa8 33.Rg5+ Kh6 34.Rg4 Kh5 35.f4 exf4 36.Rd5+ Kh6 37.Rdg5 Rd8
38.Rg6+ Kh7 39.Rg7+ Kh8 40.R7g5 Nf8 41.Rxh4+ Nh7 42.Rgh5 Rxd6 43.Rxh7+ Kg8
44.Rh8+ Kg7 45.R8h7+ Kf6 46.R7h6+ Ke5 47.Rxd6 Kxd6 48.Rh6+ Kc7 49.Rf6 Bd2
50.h4 c4 51.h5 Bc1 52.h6 Bxb2 53.Rxf4 b5 54.axb5 axb5 55.h7 Be5 56.Re4 Bf6
57.Kf1 Kd6 58.Ke2 Kd5 59.Re8 Kd4 60.h8=Q Bxh8 61.Rxh8 Kc3 62.g4 b4 63.g5  1-0

[Event "90th LSK Metalka Trgovina"]
[Site "Ljubljana SLO"]
[Date "2002.01.19"]
[Round "1"]
[White "Farago,I"]
[Black "Podlesnik,B"]
[Result "1-0"]
[WhiteElo "2500"]
[BlackElo "2397"]

1.d4 Nf6 2.c4 e6 3.Nf3 b6 4.Nc3 Bb7 5.a3 g6 6.Qc2 d5 7.cxd5 exd5 8.Bf4 a6
9.e3 Bg7 10.Be2 Nbd7 11.O-O O-O 12.Ne5 Nxe5 13.Bxe5 Nd7 14.Bxg7 Kxg7 15.Bf3 Nf6
16.b4 Qe7 17.Qb3 Rad8 18.Rac1 Rd6 19.b5 a5 20.Ne2 g5 21.Ng3 Bc8 22.Qc2 Ne8
23.Nf5+ Bxf5 24.Qxf5 Qf6 25.Qxf6+ Kxf6 26.Rc3 Rg8 27.h3 Ke7 28.Rfc1 Rgg6
29.Kf1 Rd8 30.Ke1 Rgd6 31.a4 Kf6 32.Bh5 Ng7 33.Be2 Ne8 34.Kd2 Ke7 35.Bg4 Kf6
36.Kd3 Ke7 37.Bf5 h6 38.g4 Kf6 39.f3 Ke7 40.Rc6 Rxc6 41.Rxc6 Rd6 42.Rc1 c6
43.bxc6 Kd8 44.e4 Kc7 45.Bd7 Ng7 46.exd5 Rxd5 47.Re1 Rd6 48.Re7 Rf6 49.Ke4 Kd6
50.Re5 Ne6 51.Rd5+ Kc7 52.Rf5 Rxf5 53.gxf5 Nf4 54.f6 Kd6 55.Be8 Nd5 56.Bxf7 Nxf6+
57.Kf5 Nh7 58.Kg6 Nf8+ 59.Kg7 Ne6+ 60.Bxe6 Kxe6 61.d5+ Kd6 62.Kf7 b5 63.axb5 a4
64.b6 a3 65.b7  1-0

[Event "18th Open"]
[Site "Skopje MKD"]
[Date "2002.01.22"]
[Round "8"]
[White "Ivanisevic,I"]
[Black "Bojkovic,N"]
[Result "1-0"]
[WhiteElo "2540"]
[BlackElo "2427"]

1.d4 Nf6 2.c4 e6 3.Nf3 b6 4.Nc3 Bb4 5.Qb3 c5 6.Bg5 Bb7 7.e3 O-O 8.Bd3 cxd4
9.exd4 Be7 10.Rd1 Bxf3 11.gxf3 Nc6 12.Bb1 d5 13.f4 g6 14.cxd5 Nxd5 15.Bh6 Re8
16.Ne2 Bf8 17.Bg5 f6 18.Bh4 Qd6 19.Qf3 Bg7 20.a3 Rac8 21.Ba2 Nce7 22.Bb3 b5
23.O-O Rc7 24.Rfe1 Nf5 25.Bg3 Qd7 26.Nc3 Nxc3 27.bxc3 Qc6 28.Rxe6 Rxe6 29.d5 Qxc3
30.dxe6 Ne7 31.Rd8+ Bf8 32.Qa8 Qc1+ 33.Kg2 Qc6+ 34.Qxc6 Rxc6 35.f5 Rc3 36.Bd6 Kg7
37.Bd1 Rc6 38.Bf3 Rxd6 39.Rxd6 Nxf5 40.Rd7+ Kg8 41.Be4 Bxa3 42.Bxf5 gxf5
43.Rxa7 Bd6 44.Rd7 Ba3 45.Kf3  1-0

[Event "Mimoza Open"]
[Site "Herceg Novi YUG"]
[Date "2002.02.06"]
[Round "4"]
[White "Kosic,D"]
[Black "Savic,Miod1"]
[Result "1-0"]
[WhiteElo "2511"]
[BlackElo "2469"]

1.d4 Nf6 2.Nf3 e6 3.c4 b6 4.Nc3 Bb7 5.Bg5 Be7 6.Qc2 d5 7.Bxf6 Bxf6 8.cxd5 exd5
9.g3 O-O 10.Bg2 Nd7 11.O-O Re8 12.Rfd1 Qe7 13.e3 c6 14.Rab1 Nf8 15.b4 Rad8
16.Qb3 Ne6 17.Rbc1 h5 18.b5 c5 19.dxc5 Nxc5 20.Qb4 Qe6 21.Nd4 Qg4 22.Nce2 Bxd4
23.Nxd4 Rd6 24.Bf3 Qg6 25.Qb1 Qxb1 26.Rxb1 g6 27.Rbc1 Red8 28.Rc3 Kf8 29.Bg2 a6
30.Ra3 a5 31.Rc3 R8d7 32.Bh3 Rd8 33.Rdc1 Rf6 34.Rxc5 bxc5 35.Rxc5 a4 36.Nc6 Re8
37.Bg2 d4 38.Nxd4 Bxg2 39.Kxg2 Rb6 40.Kf3 Ra8 41.a3 Ke7 42.Ke4 Kd6 43.Rd5+ Kc7
44.Kd3 Rd6 45.Rc5+ Kb6 46.Kc4 Rf6 47.f3 Re8 48.e4 Rd8 49.e5 Rxd4+ 50.Kxd4 Rxf3
51.Kc4 Rxa3 52.Rc6+ Kb7 53.Rf6 Re3 54.Rxf7+ Kb8 55.Kd4 Re2 56.Rf6 g5 57.Ra6 Rxh2
58.e6 h4 59.gxh4 gxh4 60.Rxa4 Rg2  1-0

[Event "FSGM February"]
[Site "Budapest HUN"]
[Date "2002.02.11"]
[Round "10"]
[White "Szeberenyi,A"]
[Black "Balogh,C"]
[Result "1/2-1/2"]
[WhiteElo "2411"]
[BlackElo "2398"]

1.d4 Nf6 2.Nf3 e6 3.c4 b6 4.Nc3 Bb4 5.Bg5 Bb7 6.Qb3 Qe7 7.e3 h6 8.Bh4 Bxc3+
9.Qxc3 g5 10.Bg3 Ne4 11.Qc2 d6 12.Nd2 Nxd2 13.Qxd2 Nd7 14.f3 f5 15.Bd3 O-O-O
16.O-O-O h5 17.h4 Rdg8 18.hxg5 Qxg5 19.Rh3 h4 20.Rdh1 Qg7 21.Rxh4 Rxh4 22.Bxh4 Qxg2
23.Qxg2 Rxg2 24.Rh3 Rg7 25.Be1 Rf7 26.Rh8+ Rf8 27.Rh3 Rf7 28.Kd2 Nf8 29.Be2 Rh7
30.Rg3 Kd7 31.Bd3 Ke7 32.Kc3 Kf7 33.f4 Rh1 34.Bd2 Nd7 35.d5 Nf6 36.dxe6+ Kxe6
37.Rg7 Rh7 38.Rg6 Rh5 39.Rg7 Rh7 40.Rg6 Rh5 41.Rg7  1/2-1/2

[Event "XVIII Open"]
[Site "Cappelle la Grande FRA"]
[Date "2002.02.12"]
[Round "4"]
[White "Slobodjan,R"]
[Black "Ciuksyte,D"]
[Result "1-0"]
[WhiteElo "2527"]
[BlackElo "2319"]

1.d4 Nf6 2.c4 e6 3.Nf3 b6 4.Nc3 Bb4 5.Bg5 Bb7 6.Qb3 Bxc3+ 7.bxc3 h6 8.Bh4 Nc6
9.Nd2 g5 10.Bg3 Nh5 11.e3 Nxg3 12.hxg3 Na5 13.Qa4 c5 14.Nb3 Nc6 15.Rb1 Qc7
16.Rd1 Ne7 17.dxc5 Bc6 18.Qb4 Qb7 19.Rh2 h5 20.Nd4 bxc5 21.Qxb7 Bxb7 22.Nb5 Kf8
23.Rxd7 Bc6 24.Rxa7 Rxa7 25.Nxa7 Kg7 26.Bd3 g4 27.a3 Kh6 28.Ke2 Rb8 29.Nb5 f5
30.f3 Ra8 31.Rh1 Bxb5 32.cxb5 Rxa3 33.Rc1 Nd5 34.c4 Nb4 35.Rd1 Rc3 36.e4 Nxd3
37.Rxd3 Rxc4 38.exf5 exf5 39.Rb3 Rd4 40.b6 Rd8 41.b7 Rb8 42.f4  1-0

[Event "Petrov Mem Open"]
[Site "St Petersburg RUS"]
[Date "2002.02.18"]
[Round "7"]
[White "Vaingorten,Y"]
[Black "Trushelyov,V"]
[Result "0-1"]
[WhiteElo "2215"]
[BlackElo "2124"]

1.d4 Nf6 2.c4 e6 3.Nf3 b6 4.Nc3 Bb4 5.Bg5 Bb7 6.e3 h6 7.Bh4 g5 8.Bg3 Ne4
9.Qc2 d6 10.Bd3 Bxc3+ 11.bxc3 f5 12.d5 Nd7 13.Bxe4 fxe4 14.Qxe4 Qf6 15.O-O Nc5
16.Qd4 Rf8 17.e4 O-O-O 18.e5 dxe5 19.Bxe5 Qg6 20.Qg4 Qf5 21.Qxf5 Rxf5 22.Bg3 exd5
23.Nd4 Rf7 24.cxd5 Bxd5 25.f3 a6 26.Rfe1 Nd3 27.Re3 Nf4 28.Bxf4 Rxf4 29.a3 Rf6
30.Re5 Bc4 31.Rae1 c5 32.Nf5 Rd3 33.Ng3 Bd5 34.a4 a5 35.c4 Bxc4 36.Ne4 Rf7
37.Rc1 Bb3 38.h4 gxh4 39.Kf2 h3 40.Ke2 Rd4 41.gxh3 Rc7 42.Ke3 Rxa4 43.f4 Rd4
44.f5 a4 45.Rc3 Rdd7 46.f6 Bf7 47.Kf4 Bg6 48.Rg3 Bxe4 49.Kxe4 c4 50.Rd5 Rf7
51.Ke5 c3 52.Ke6 c2 53.Rg1 Rxf6+ 54.Kxf6 c1=Q 55.Rxc1 Rxc1  0-1

[Event "Mario Covas Jr"]
[Site "Sao Paulo BRA"]
[Date "2002.02.23"]
[Round "4"]
[White "Disconzi da Silva,R"]
[Black "Milos,G"]
[Result "1/2-1/2"]
[WhiteElo "2415"]
[BlackElo "2580"]

1.d4 Nf6 2.c4 e6 3.Nf3 b6 4.Nc3 Bb4 5.Bg5 Bb7 6.Nd2 c5 7.a3 Bxc3 8.bxc3 d6
9.f3 e5 10.d5 Nbd7 11.e4 Nf8 12.Bd3 Ng6 13.g3 h6 14.Be3 Bc8 15.h4 O-O 16.h5 Ne7
17.g4 Nh7 18.Nf1 Ng5 19.Bxg5 hxg5 20.Ne3 Bd7 21.Nf5 Nxf5 22.exf5 Qf6 23.Be4 b5
24.cxb5 Bxb5 25.Kf2 Rfb8 26.Kg3 Rb6 27.Ra2 Bc4 28.Rah2 Bb3 29.Qc1 Qh6 30.c4 Ba4
31.Rb2 Rab8 32.Rhh2 Qf6 33.Rxb6 Rxb6 34.Rb2 Qd8 35.Rh2 Qf6 36.Rb2  1/2-1/2

[Event "FSIMA March"]
[Site "Budapest HUN"]
[Date "2002.03.06"]
[Round "5"]
[White "Eperjesi,L"]
[Black "Szabo,K"]
[Result "1-0"]
[WhiteElo "2276"]
[BlackElo "2231"]

1.d4 Nf6 2.Nf3 e6 3.c4 b6 4.Nc3 Bb4 5.Bd2 Bb7 6.e3 O-O 7.Bd3 d5 8.O-O Nbd7
9.Rc1 Rc8 10.cxd5 exd5 11.Nb5 Bxd2 12.Qxd2 a6 13.Na7 Ra8 14.Nc6 Bxc6 15.Rxc6 Nb8
16.Rc2 Qd6 17.Rfc1 Ra7 18.b4 c6 19.a4 Nfd7 20.Bf5 Rc7 21.Ne1 g6 22.Bh3 f5
23.Nd3 Rfc8 24.g3 Nf6 25.Bg2 Nbd7 26.Qc3 Kg7 27.Qb2 Kf8 28.Ne5 b5 29.a5 Kg8
30.f4 Kg7 31.Bf3 h5 32.h3 Nb8 33.Rg2 Rh8 34.g4 fxg4 35.hxg4 h4 36.Rh2 Qe7
37.Qc2 Qe8 38.g5 Nfd7 39.Bxd5 Nxe5 40.dxe5 Qd8 41.Bf3 Qe7 42.Qc3 Qe6 43.Rd1 Rd7
44.Rd6 Rxd6 45.exd6+ Kg8 46.Bd1  1-0

[Event "FSIMA March"]
[Site "Budapest HUN"]
[Date "2002.03.06"]
[Round "5"]
[White "Vigh,B"]
[Black "Ashok,K"]
[Result "1/2-1/2"]
[WhiteElo "2357"]
[BlackElo "2182"]

1.d4 Nf6 2.c4 e6 3.Nf3 b6 4.Nc3 Bb7 5.Qc2 Bb4 6.a3 Bxc3+ 7.Qxc3 Ne4 8.Qc2 f5
9.e3 O-O 10.Bd3 d6 11.O-O Nd7 12.b4 Ndf6 13.Nd2 Qe8 14.f3 Nxd2 15.Bxd2 Nd7
16.Rae1 Qh5 17.e4 f4 18.e5 dxe5 19.dxe5 Nxe5 20.Be4 Bxe4 21.Qxe4 Rad8 22.Bc3 Ng6
23.Qxe6+ Kh8 24.Re4 Qg5 25.Qg4 Qxg4 26.fxg4 Rd3 27.Rf3 Rd1+ 28.Kf2 Rfd8 29.g3 fxg3+
30.Kxg3 Kg8 31.h4 Rg1+ 32.Kh2 Nxh4 33.Rfe3 Rgd1 34.Re7 R8d7 35.Bxg7 Ng6 36.Rxd7 Rxd7
37.Bc3 Kf7 38.Kg3 a6 39.Kf3 b5 40.cxb5 axb5 41.Be1 Rd4 42.Bg3 Rc4 43.Re4 Rc2
44.Re2 Rc3+ 45.Re3  1/2-1/2

[Event "57th ch-YUG"]
[Site "Banja Koviljaca YUG"]
[Date "2002.03.17"]
[Round "2"]
[White "Kosic,D"]
[Black "Ostojic,N"]
[Result "1-0"]
[WhiteElo "2511"]
[BlackElo "2475"]

1.d4 Nf6 2.Nf3 e6 3.c4 b6 4.Nc3 Bb7 5.Bg5 Be7 6.Qc2 c5 7.Rd1 cxd4 8.Nxd4 a6
9.e4 Qc7 10.Be2 O-O 11.Bh4 d6 12.O-O Nbd7 13.Kh1 Rfe8 14.Bg3 Ne5 15.b3 Rac8
16.a4 Bf8 17.Qb1 Qb8 18.f4 Ng6 19.Bf3 e5 20.Nde2 exf4 21.Nxf4 Ne5 22.Rd4 Nc6
23.Rd2 Ne5 24.Bh4 Be7 25.Bf2 Ba8 26.Bd4 Nc6 27.Bg1 Ne5 28.Nfd5 Nxd5 29.exd5 g6
30.Bd4 f5 31.Bxe5 dxe5 32.d6 Bxf3 33.d7 Bc6 34.dxc8=Q Qxc8 35.Nd5 Bg5 36.Rdd1 Qb7
37.Qb2 e4 38.Rfe1 Bh4 39.Re2 Bxd5 40.cxd5 Qd7 41.d6 Bd8 42.Qd4 h5 43.Rc2 Re6
44.h3 h4 45.Qd5 Kh7 46.Kg1 Kh6 47.Kf1 f4 48.Rc4 e3 49.Ke2 Qf7 50.Qd4 Qb7
51.Qxf4+ g5 52.Qf8+ Kh7 53.Qf5+ Rg6 54.Qe4 Qd7 55.Rd5 Kh6 56.Qe5 b5 57.Qh8+  1-0

[Event "ch-DEN"]
[Site "Greve DEN"]
[Date "2002.03.23"]
[Round "1"]
[White "Hoi,C"]
[Black "Pedersen,NV"]
[Result "1/2-1/2"]
[WhiteElo "2407"]
[BlackElo "2441"]

1.d4 Nf6 2.c4 e6 3.Nf3 b6 4.Nc3 Bb7 5.Bg5 Bb4 6.e3 c5 7.Bd3 d6 8.O-O Bxc3
9.bxc3 h6 10.Bh4 Nbd7 11.Nd2 Qc7 12.a4 a5 13.Rb1 Ba6 14.Qe2 O-O-O 15.f4 Kb8
16.Rb2 Ka7 17.Nb1 e5 18.fxe5 dxe5 19.Na3 Rhe8 20.Bg3 Qc6 21.d5 Qc7 22.Qd1 Re7
23.Rff2 Rf8 24.Bh4 Qd6 25.Bf5 g5 26.Bg3 Ne8 27.Be6 f6 28.Qh5 Ng7 29.Qxh6 Nxe6
30.dxe6 Rxe6 31.Qh5 Qc6  1/2-1/2

[Event "Suetin Mem"]
[Site "Tula RUS"]
[Date "2002.03.28"]
[Round "6"]
[White "Pastushkov,M"]
[Black "Akulov,E"]
[Result "1-0"]
[WhiteElo "2167"]
[BlackElo "2248"]

1.d4 Nf6 2.c4 e6 3.Nf3 b6 4.Nc3 Bb4 5.Bd2 O-O 6.e3 Bb7 7.Bd3 Bxc3 8.Bxc3 Ne4
9.Rc1 f5 10.O-O d6 11.Nd2 Nd7 12.f3 Nxc3 13.Rxc3 e5 14.b4 exd4 15.exd4 Qf6
16.Nb3 c5 17.bxc5 dxc5 18.Bb1 Rad8 19.Re3 cxd4 20.Qxd4 Qxd4 21.Nxd4 f4 22.Re7 Rfe8
23.Rfe1 Rxe7 24.Rxe7 Nc5 25.Nc2 Rd1+ 26.Re1 Rxe1+ 27.Nxe1 Ba6 28.Nd3 Nxd3
29.Bxd3 h6 30.Kf2 Kf7 31.Ke2 Ke6 32.Kd2 Kd6 33.c5+  1-0

[Event "Suetin Mem"]
[Site "Tula RUS"]
[Date "2002.03.30"]
[Round "8"]
[White "Zakharevich,I"]
[Black "Bairachny,R"]
[Result "1-0"]
[WhiteElo "2466"]
[BlackElo "2427"]

1.d4 Nf6 2.c4 e6 3.Nf3 b6 4.Nc3 Bb4 5.Bg5 h6 6.Bh4 Bb7 7.e3 Bxc3+ 8.bxc3 d6
9.Nd2 Nbd7 10.f3 Qe7 11.Bd3 g5 12.Bf2 e5 13.e4 Nh5 14.Nf1 f5 15.Ne3 f4 16.Nf5 Qf6
17.c5 dxc5 18.dxc5 Ng7 19.Nxg7+ Qxg7 20.Bb5 c6 21.Bc4 Qe7 22.cxb6 axb6 23.a4 Ba6
24.Qe2 Bxc4 25.Qxc4 Qf6 26.O-O Ke7 27.Qb4+ Qd6 28.Qb3 Qe6 29.c4 c5 30.Rfd1 g4
31.Bh4+ Kf7 32.Rd2 Rhg8 33.Rad1 Ra7 34.Rd6 Qe8  1-0

[Event "SVK-Cup"]
[Site "Trencianske Teplice SVK"]
[Date "2002.03.31"]
[Round "3"]
[White "Rajnak,D"]
[Black "Csonka,A"]
[Result "0-1"]
[WhiteElo "2240"]
[BlackElo "2272"]

1.d4 Nf6 2.Nf3 e6 3.c4 b6 4.Nc3 Bb4 5.Qb3 c5 6.a3 Ba5 7.Bg5 Nc6 8.Rd1 Bxc3+
9.bxc3 Qc7 10.e3 Ba6 11.Bf4 Qc8 12.Rc1 Ne4 13.Be2 O-O 14.O-O f5 15.Rfe1 h6
16.h4 Qd8 17.Qa4 Na5 18.h5 d6 19.Bh2 Qe7 20.dxc5 Nxc5 21.Qb4 e5 22.Rcd1 Rac8
23.Nd2 Bb7 24.Qb1 Qe6 25.Qa2 Rc7 26.Nf3 Ne4 27.Rd3 Ba6 28.Rd5 Nxc3  0-1

[Event "FSGMB April"]
[Site "Budapest HUN"]
[Date "2002.04.04"]
[Round "3"]
[White "Lukacs,P"]
[Black "Kustar,S"]
[Result "1/2-1/2"]
[WhiteElo "2460"]
[BlackElo "2388"]

1.d4 Nf6 2.c4 e6 3.Nf3 b6 4.Nc3 Bb7 5.a3 d5 6.cxd5 Nxd5 7.Qc2 Be7 8.e4 Nxc3
9.bxc3 Nd7 10.Bd3 c5 11.Bf4 cxd4 12.cxd4 Rc8 13.Qe2 O-O 14.O-O Nf6 15.a4 Rc3
16.Rfc1 Rxc1+ 17.Rxc1 Qa8 18.Re1 Rd8 19.Bd2 Bc6 20.a5 bxa5 21.Bxa5 Rb8 22.Ne5 Be8
23.h3 Bb4 24.Ra1 Bxa5 25.Rxa5 Rb4 26.Qe3 Qb8 27.Rc5 Qd8 28.d5 exd5 29.exd5 Qd6
30.Nc4 Qd8 31.d6 a5 32.Bf5 Rb8 33.Bc2 a4 34.Rc7 Bb5 35.Qc5 g6 36.Ne5 Be8
37.Qc4 Qxd6 38.Nxf7 Qd5 39.Nh6+ Kh8 40.Qf4 Rb6 41.Ra7 Qd6 42.Qxd6 Rxd6 43.Bxa4 Re6
44.Bxe8 Rxe8 45.g4 Nd5 46.Kg2 Nf4+ 47.Kg3 Ne2+ 48.Kh4 Nf4 49.f3 Rf8 50.Nf7+ Kg8
51.Ng5 h6 52.Ne4 Rf7 53.Rxf7  1/2-1/2

[Event "Golden Cleopatra"]
[Site "Cairo EGY"]
[Date "2002.04.07"]
[Round "1"]
[White "Mirzoev,A"]
[Black "Lowis,M"]
[Result "1-0"]
[WhiteElo "2494"]
[BlackElo "2131"]

1.d4 Nf6 2.Nf3 e6 3.c4 b6 4.Nc3 Bb4 5.Qc2 Bb7 6.a3 Bxc3+ 7.Qxc3 d6 8.g3 O-O
9.Bg2 Nbd7 10.O-O c5 11.Rd1 Qc7 12.b3 Rfe8 13.Bb2 Rad8 14.Rac1 Ne4 15.Qe3 f5
16.Bh3 Ndf6 17.Ng5 h6 18.Nxe4 Nxe4 19.f3 Ng5 20.Bg2 cxd4 21.Qxd4 e5 22.Qf2 f4
23.gxf4 exf4 24.h4 Nf7 25.Qd4 Re5 26.Rd2 Qe7 27.Qxf4 Rxe2 28.Rcc2 Rxd2 29.Rxd2 Qe1+
30.Kh2 Rf8 31.Qg3 Qxg3+ 32.Kxg3 Re8 33.Bd4 h5 34.Kf2 Nh6 35.Be3 Nf5 36.Bg5 b5
37.cxb5 Rc8 38.Bf1 Rc3 39.Bc4+ Kf8 40.Rd3 Rc2+ 41.Ke1 Rh2 42.a4 Nxh4 43.Bxh4 Rxh4
44.Rxd6 Bxf3 45.Rd7 g5 46.Rf7+  1-0

[Event "Open"]
[Site "Dubai UAE"]
[Date "2002.04.24"]
[Round "8"]
[White "Volzhin,A"]
[Black "Kotsur,P"]
[Result "1/2-1/2"]
[WhiteElo "2544"]
[BlackElo "2578"]

1.d4 Nf6 2.c4 e6 3.Nf3 b6 4.Nc3 Bb7 5.a3 d5 6.Bg5 Be7 7.Bxf6 Bxf6 8.cxd5 exd5
9.g3 O-O 10.Bg2 Nc6 11.O-O g6 12.e3 Bg7 13.b4 a6 14.Ne1 Ne7 15.Nd3 Nf5 16.Qb3 c6
17.a4 Rc8 18.Bh3 Qg5 19.a5 Nxe3 20.Bxc8 Bxc8 21.fxe3 Qxe3+ 22.Nf2 Bxd4 23.Ra3 Bh3
24.Nxd5 Qe2 25.Qd3 Bxf1 26.Qxd4 cxd5 27.Qa1 Qc4 28.Qxf1 Qxb4 29.Ra1 b5 30.Qd3 Rd8
31.Qa3 Qd4 32.Rd1 Qf6 33.Qc5 h5 34.Kg2 Qe6 35.Qd4 Qe2 36.Rd2 Qc4 37.Qb6 Re8
38.Qxa6 d4 39.Qf6 Qc3 40.Qxd4 Qxa5 41.Qd5 Qb6 42.Qd7 Rb8 43.Rd6 Qb7+ 44.Qxb7 Rxb7
45.Rd3 Kf8 46.Kf3 Ke7 47.Ne4 f5 48.Nc3 Ke6 49.Ne2 Ke5 50.Nd4 Rb6 51.h4 b4
52.Ke3 Kf6 53.Rb3 g5 54.Nf3 gxh4 55.gxh4 Re6+ 56.Kf2 Re4 57.Rd3 Rc4 58.Rd6+ Ke7
59.Rb6 Kd8 60.Rb5 Rf4 61.Rd5+ Kc7 62.Rd4 Rg4 63.Ke3 Kb6 64.Ne5 Rxd4 65.Kxd4 b3
66.Nc4+ Kb5 67.Nb2 f4 68.Ke4 Kb4 69.Nd1 Kc4 70.Kxf4 Kd3 71.Kf3 Kd2 72.Nb2 Kc3  1/2-1/2

[Event "City-ch"]
[Site "St-Petersburg RUS"]
[Date "2002.04.25"]
[Round "9"]
[White "Popov,Val"]
[Black "Smirnov,Ar"]
[Result "1-0"]
[WhiteElo "2593"]
[BlackElo "2286"]

1.d4 Nf6 2.Nf3 e6 3.c4 b6 4.Nc3 Bb4 5.Qb3 c5 6.Bg5 Bb7 7.e3 O-O 8.Rd1 cxd4
9.exd4 Bxc3+ 10.bxc3 Ba6 11.Ne5 h6 12.Bh4 Qc7 13.Bxf6 gxf6 14.Ng4 Kg7 15.Qa3 f5
16.Nf6 d6 17.Nh5+ Kg6 18.Rd3 f4 19.Nxf4+ Kf6 20.c5 Ke7 21.Re3 Bb7 22.cxd6+ Qxd6
23.Rxe6+ fxe6 24.Ng6+ Kd7 25.Nxf8+ Kc7 26.Qxd6+ Kxd6 27.f3 Bd5 28.c4 Bb7
29.Kd2 Nc6 30.Nxe6 Kxe6 31.d5+ Kd6 32.dxc6 Bxc6 33.Be2 Kc5 34.Re1 Rd8+ 35.Bd3 Rg8
36.Bf1 Rg6 37.Kc3 a5 38.Re3 Rf6 39.Be2  1-0

[Event "Kuban Spring"]
[Site "Krasnodar RUS"]
[Date "2002.04.??"]
[Round "?"]
[White "Gukasian,R"]
[Black "Panarin,M"]
[Result "1/2-1/2"]
[WhiteElo "2416"]
[BlackElo "2426"]

1.d4 Nf6 2.c4 e6 3.Nf3 b6 4.Nc3 Bb4 5.Bg5 Bb7 6.Nd2 h6 7.Bh4 c5 8.a3 Bxc3
9.bxc3 d6 10.f3 e5 11.e4 Nbd7 12.Nb3 Nf8 13.Bf2 Rc8 14.d5 Kd7 15.g3 Kc7 16.Bh3 Rb8
17.O-O h5 18.Be3 h4 19.g4 N6h7 20.Rf2 g5  1/2-1/2

[Event "Croatian Cup"]
[Site "Pula CRO"]
[Date "2002.05.11"]
[Round "5"]
[White "Kozul,Z"]
[Black "Bistric,F"]
[Result "1-0"]
[WhiteElo "2595"]
[BlackElo "2494"]

1.d4 Nf6 2.Nf3 e6 3.c4 b6 4.Nc3 Bb4 5.Qc2 Bb7 6.a3 Bxc3+ 7.Qxc3 d6 8.e3 Nbd7
9.Be2 O-O 10.O-O a5 11.b3 c5 12.Bb2 Qc7 13.Rad1 Be4 14.Ne1 Bg6 15.f3 d5 16.cxd5 Nxd5
17.Qd2 Rfd8 18.Rc1 Qd6 19.e4 Nf4 20.Bb5 e5 21.d5 f5 22.Bxd7 Rxd7 23.Qe3 Rf7
24.g3 fxe4 25.gxf4 exf4 26.Qc3 e3 27.Ng2 Re8 28.b4 axb4 29.axb4 Qf6 30.bxc5 bxc5
31.Nxf4 Qg5+ 32.Ng2 c4 33.Kh1 Bd3 34.Rg1 Qxd5 35.Ne1 Rfe7 36.Rg3 h6 37.Ra1 Qb7
38.Ra5 Be2 39.Kg2 Bd3 40.Rc5 Qb6 41.Rc8  1-0